| 000 | 01045nam a2200385 a 4500 | ||
|---|---|---|---|
| 003 | AR-BaBNM | ||
| 005 | 20251128210739.0 | ||
| 008 | 082120s2002 ||||||||||||||000 | spa|| | ||
| 020 | _a950-23-1088-8 | ||
| 040 | _cAR-BaBNM | ||
| 100 | 1 | _aPozzi, Pablo | |
| 245 | 0 | 0 |
_aLos setentistas _bizquierda y clase obrera, 1969-1976 |
| 260 |
_aBuenos Aires _bEudeba _c2000 |
||
| 300 | _a458 p. | ||
| 490 | 0 | _aMundo contemporáneo | |
| 500 | _aContiene referencias bibliográficas | ||
| 600 | 0 | 4 |
_aLevingston _d1970-1971 |
| 600 | 0 | 4 |
_aLanusse _d1971-1973 |
| 600 | 0 | 4 |
_aCámpora, Héctor J. _d1973 |
| 650 | 4 | _aHISTORIA DE LAS IDEAS | |
| 650 | 4 | _aHISTORIA POLITICA | |
| 650 | 4 | _aHISTORIA SOCIAL | |
| 650 | 4 | _aCORDOBAZO | |
| 650 | 4 | _aSOCIOLOGIA POLITICA | |
| 650 | 4 | _aIDEOLOGIAS | |
| 650 | 4 | _aPOLITICA NACIONAL | |
| 650 | 4 | _aSINDICATOS | |
| 650 | 4 | _aMOVIMIENTO OBRERO | |
| 650 | 4 | _aSIGLO VEINTE | |
| 651 | 4 | _aArgentina | |
| 700 | 1 | _aSchneider, Alejandro | |
| 800 | 1 |
_aPozzi, Pablo _edirector |
|
| 942 | _cBK | ||
| 998 | _cMariana | ||
| 999 |
_c16719 _d16719 |
||